000 00646nam a22001817a 4500
020 _qHard Cover.
082 _a621.3
100 _aMunir, Mautisim ; Abdullah Bin Ali.
245 _aDerad:
_bDeep Learning Based Automated Analysis of Dental Radiographs
_cMautisim Munir ; Abdullah Bin Ali.
260 _aIslamabad:
_bSEECS - NUST,
_c2019.
300 _a47 p. :
_bill. ;
_c30cm.
563 _aHB
650 _aElectrical Engineering BS-Project Report.
_930887
700 _aDr. Hassan Aqeel
_930761
856 _uhttp://10.250.8.41:8080/xmlui/handle/123456789/29551
942 _2ddc
_cPR
999 _c535981
_d535981